Global marketing management A European pespective
Zapisane w:
| 1. autor: | |
|---|---|
| Format: | Książka |
| Język: | Undetermined |
| Wydane: |
Harlow, England
Prentice-Hall
2001
|
| Hasła przedmiotowe: | |
| Etykiety: |
Dodaj etykietę
Nie ma etykietki, Dołącz pierwszą etykiete!
|
| Thư viện lưu trữ: | Trung tâm Học liệu Trường Đại học Cần Thơ |
|---|
| LEADER | 00579nam a2200205Ia 4500 | ||
|---|---|---|---|
| 001 | CTU_47868 | ||
| 008 | 210402s9999 xx 000 0 und d | ||
| 082 | |a 658.848094 | ||
| 082 | |b K26 | ||
| 100 | |a WARREN J KEEGAN | ||
| 245 | 0 | |a Global marketing management | |
| 245 | 2 | |b A European pespective | |
| 245 | 0 | |c WARREN J KEEGAN, Bodo B. Schlegelmilch | |
| 260 | |a Harlow, England | ||
| 260 | |b Prentice-Hall | ||
| 260 | |c 2001 | ||
| 650 | |a export marketing | ||
| 650 | |x management,case studies | ||
| 650 | |z europe | ||
| 980 | |a Trung tâm Học liệu Trường Đại học Cần Thơ | ||